| LEADER | 00790nam a2200193 a 4500 | ||
|---|---|---|---|
| 001 | GR-MES4778 | ||
| 008 | 991111s1976 gr 000 0 gre d | ||
| 040 | |a GrPaTEI |b gre |c GR-PaULI | ||
| 245 | 0 | 0 | |a Μεταρρύθμιση έμμεσης φορολογίας. |
| 260 | |a Αθήνα : |b ΚΕΠΕ, |c 1976 | ||
| 300 | |a 86σελ. | ||
| 650 | 4 | |a Φορολογία | |
| 650 | 4 | |a ΦΟΡΟΣ | |
| 710 | 0 | |a ΚΕΠΕ | |
| 710 | 2 | |a Κέντρο προγραμματισμού και οικονομικών ερευνών | |
| 942 | |2 ddc | ||
| 952 | |0 0 |1 0 |2 ddc |4 0 |6 336_200000000000000_ΜΕΤ |7 0 |9 269413 |a MSLG |b MSLG |c BSC |d 2021-01-17 |e 24 |f 0 |g 0.00 |l 0 |o 336.2 ΜΕΤ |p 2420000003055 |r 2021-01-17 00:00:00 |t 1 |w 2021-01-17 |y BK15 |x 19991111 0 1 |x GrPaTEI | ||
| 971 | |a .b2575824x |b 16-04-20 |c 13-09-16 | ||
| 999 | |c 155430 |d 155430 | ||